Countries Closest to India by first two letters - Statistics

General Stats
  • This quiz has been taken 387 times
  • The average score is 17 of 20
Answer Stats
km country miles % Correct
0 China 0
99%
0 Pakistan 0
99%
0 Nepal 0
94%
1 Sri Lanka 1
91%
211 Afghanistan 131
89%
0 Myanmar 0
89%
0 Bangladesh 0
88%
0 Bhutan 0
87%
632 Malaysia 393
85%
130 Maldives 81
85%
486 Thailand 302
83%
277 Tajikistan 172
81%
717 Laos 445
79%
808 Kazakhstan 502
76%
525 Kyrgyzstan 326
76%
733 Turkmenistan 455
76%
617 Uzbekistan 384
75%
613 Iran 381
74%
721 Vietnam 448
71%
172 Indonesia 107
65%
No matching quizzes found
Score Distribution
Percent of People with Each Score
Percentile by Number Answered
Your Score History
You have not taken this quiz